000 00504nam a22001812 4500
001 0000002818
005 20151217154335.0
008 070420s xx 000 0 eng d
040 _aKABU
_cKABU
050 0 _aPS3515
_b.U35P36
100 1 _aHughes, Langston.
_@0000152330
245 1 4 _aThe Panther and the lash :
_bpoems of our times.
260 _aNew York :
_bA. A., Knopf,
_c1967.
300 _a101 p.
908 _a070420
950 _@1
999 _c10624
_d10624